Statistics for Minecraft trees

Click here to take the quiz!

General Stats

  • This quiz has been taken 107 times
  • The average score is 7 of 10

Answer Stats

HintAnswer% Correct
OverworldOak
100%
OverworldBirch
94%
OverworldDark oak
93%
OverworldSpruce
79%
OverworldAcacia
65%
OverworldJungle
65%
OverworldCherry
53%
NetherWarped
46%
NetherCrimson
43%
OverworldMangrove
31%

Score Distribution

Percentile by Number Answered

Percent of People with Each Score

Your Score History

You have not taken this quiz